[Event "ESP-chT CECLUB Honor"]
[Site "Leon"]
[Date "2012.11.09"]
[Round "5.3"]
[White "Cheparinov, Ivan"]
[Black "Marin, Mihail"]
[Result "1/2-1/2"]
[WhiteElo "2710"]
[BlackElo "2447"]
[Annotator "Marin,M"]
[PlyCount "61"]
[EventDate "2012.11.05"]
[EventType "team-tourn"]
[EventRounds "7"]
[EventCountry "ESP"]
[SourceTitle "CBM 152"]
[Source "ChessBase"]
[SourceDate "2013.01.15"]
[SourceVersion "1"]
[SourceVersionDate "2013.01.15"]
[SourceQuality "1"]
[WhiteTeam "Extremadura"]
[BlackTeam "Foment Martinenc"]
[WhiteTeamCountry "ESP"]
[BlackTeamCountry "ESP"]

1. d4 e6 2. c4 Nf6 3. Nf3 Bb4+ 4. Nbd2 d5 {This is the first time I was able
to play this variation, which I had examined in my article for CBM 143.} 5.
Qa4+ Nc6 6. a3 Be7 $5 7. e3 a5 8. b4 {A rare move, but a quite ambitious one.}
O-O 9. Bd3 $146 {In virtually unexplored positions, any natural move may be a
novelty. Not all of them are good, though.} ({In my article I examined those
few games played from this position in the notes to} 9. c5 {1/2 (18) Jakovenko,
D (2711)-Nisipeanu,L (2684) Foros 2008 CBM 125 [Marin]. In all cases, White
blocked the queenside. Cheparinov suggested several other developing moves,
but Black seems to be able to get some counterplay anyway:}) (9. Be2 {
Cheparinov} dxc4 10. b5 (10. Bxc4 {transposes to the game}) (10. Nxc4 b5 11.
Qxb5 Bd7 $15) 10... Na7 11. Nxc4 Bd7 12. Nce5 Be8 13. O-O Nd5 $132 {[%cal
Gf7f6,Gc7c6,Gd5b6]}) (9. Rb1 {Cheparinov} dxc4 10. b5 (10. Bxc4 Nd5 {is much
better for Black than the game continuation, because White's extra tempo Rb1
has brought the rook into the knight's range.}) 10... c3 11. Nc4 (11. bxc6
cxd2+ 12. Bxd2 Qd5 $132) 11... Na7 12. Nce5 Ne4 13. Qc2 f5 14. Bd3 b6 15. Bxe4
fxe4 16. Qxe4 Qd5 $36) (9. Bb2 $5 {Cheparinov; this may be the most consistent
try, but it is not without drawbacks: once it gets to b5, the b-pawn will not
have the support of the rook.} dxc4 10. Bxc4 Qe8 {[%cal Gc6d4] /\...Nxd4!} 11.
b5 Na7 12. Qxa5 (12. Ne5 Nd5) 12... b6 13. Qa4 Bd7 $132 {[%csl Ga3] Pa3}) 9...
dxc4 $1 {This is even more effective than in many of the lines above.} 10. Bxc4
({Ivan confessed that when he played the previous move he somehow overlooked
that} 10. Nxc4 {runs into} b5 11. Qxb5 Bd7 $36 {retrieving the pawn with
initiative.}) 10... Nd5 11. b5 {The only move.} (11. Bd3 $2 {(hoping for 11...
Nb6 12.Qc2 with some complications) is met with} axb4 $1 $17 12. Qxa8 $2 Nb6
$19) 11... Nb6 12. Qc2 Nxc4 13. Nxc4 Na7 14. a4 {White has gained space on the
queenside and seems to have the better structure. However, Black's
light-squared bishop will prove an excellent unblocking tool. The course of
the game suggests that White has to be careful already.} b6 $1 $132 {/\...c6} (
14... c6 $4 15. b6 $18) 15. Nce5 {Right after the game, Ivan rightly
considered this to be a possible cause for his ulterior problems. However, it
looks logical to put up some resistance against the unpleasant positional
threat ...c7-c6. Besides, the alternatives look pleasant for Black anyway.} ({
I planned to meet} 15. Qe4 {with} Qd5 {, when White cannot maintain his
stability.}) (15. O-O {also leaves White vulnerable after} c6 16. bxc6 Ba6 17.
Ba3 Nxc6 18. Rfc1 Rc8 {In all these lines, the a4-pawn is a comfortable target
in the long run.}) 15... Bb7 16. Ba3 f6 {I had a long think before playing
this strategically ambitious move. Eventually, I came to the conclusion that
restricting the enemy knights is a more important factor than the weakness of
the e6-square, especially since my queen's bishop does not have an opponent on
the light squares.} ({The main alternative was} 16... Rc8 17. Nc6 Nxc6 18. bxc6
Ba6 {, when Ivan intended to play} 19. Kd2 $5 {/\Rhc1}) 17. Nd3 ({In the line:
} 17. Nc6 Nxc6 18. bxc6 Bxa3 19. Rxa3 (19. cxb7 Bb4+ 20. Ke2 Rb8 21. Qc6 Qd5
22. Rhc1 Rxb7 $17) 19... Ba6 20. Kd2 {the move ...f7-f6 proves useful, by
allowing} e5 $15 {Besides, the rook would be well placed on a8 by allowing an
eventual opening of the queenside with ...b6-b5.}) 17... Bxa3 18. Rxa3 Qd6 19.
Rb3 $1 {This looks as if it loses a tempo, but it is important to control the
b-file in view of the inevitable break.} (19. Rc3 $6 c6 20. bxc6 Nxc6 21. O-O
Nb4 22. Nxb4 axb4 23. Rc7 Rfc8 $17) 19... Bd5 20. Rb2 c6 21. bxc6 Nxc6 22. O-O
({The b6-pawn is indirectly defended:} 22. Rxb6 Nxd4 23. Rxd6 Nxc2+ 24. Ke2
Rfd8 $15) 22... Rac8 ({Here, too, the knight exchange} 22... Nb4 23. Nxb4 axb4
$15 {is promising.}) 23. Qb1 ({Once again,} 23. Rxb6 {is risky:} Qd8 $5 ({
I must confess that I had only calculated} 23... Nxd4 24. Rxd6 Nxf3+ 25. gxf3
Rxc2 26. e4 Bc4 $11) 24. Qb1 Nb4 $17) 23... e5 24. dxe5 (24. Rxb6 $2 e4 $17) (
24. Nd2 {(! Cheparinov)} exd4 25. e4 Bf7 26. Rxb6 $13 {According to Ivan,
White's stability is more reliable here than in the game, but after} Qa3 $1 {
(the same maneouvre we both missed in the game)} 27. Qb5 Qc3 {the situation is
not quite so.}) 24... fxe5 25. Nd2 Rfd8 $15 {Black has completed his
development and has strong pressure.} 26. f3 $6 (26. Rc1 $5 Bf7 27. Ne1 Nb4 $15
) 26... Bf7 $2 ({Later that evening, I met with Ivan during my usual walk and
he confessed that he was quite disappointed that we both overlooked the active
} 26... Qa3 $1 $17 {suggested by the computer:} 27. Nf2 (27. Rxb6 $2 Ba2 $19)
27... Nb4 $17 {קe3, a4}) 27. Nf2 Nb4 ({Here, too,} 27... Qa3 {is strong, but
White can try to kick back with} 28. Nde4 Nb4 29. Ng4 Ba2 30. Qa1 Qxa4 31. Nxe5
$15) 28. Nde4 Qe7 (28... Qc6 29. Ng4 $132) 29. Rd1 Be8 30. Rxd8 Rxd8 31. Qa1
$13 {קa4, Pe5. White has stabilised the position and the weaknesses on both
sides compensate for each other. I saw no reason for rejcting the draw.}
1/2-1/2

[Event "Cupa Dinamo"]
[Site "Brasov"]
[Date "1998.??.??"]
[Round "2"]
[White "Rogozenco, Dorian"]
[Black "Negulescu, Adrian"]
[Result "1/2-1/2"]
[WhiteElo "2495"]
[BlackElo "2445"]
[Annotator "Marin,M"]
[PlyCount "64"]
[EventDate "1998.03.??"]
[EventType "tourn"]
[EventRounds "11"]
[EventCountry "ROU"]
[EventCategory "8"]
[SourceTitle "CBM 063 Extra"]
[Source "ChessBase"]
[SourceDate "1998.04.29"]
[SourceVersion "1"]
[SourceVersionDate "1998.04.29"]
[SourceQuality "1"]

1. d4 Nf6 2. c4 e6 3. Nf3 Bb4+ 4. Nbd2 d5 5. a3 Be7 6. e3 b6 7. Qa4+ c6 8. Qc2
O-O 9. Bd3 h6 10. O-O Nbd7 11. e4 dxe4 12. Nxe4 Nxe4 13. Bxe4 Qc7 14. b4 Bb7
15. c5 a5 16. Rb1 axb4 17. axb4 bxc5 18. bxc5 Ba6 19. Re1 Rfb8 20. Rxb8+ Rxb8
21. g3 Ra8 22. Bf4 Qb7 23. Bh7+ Kh8 24. d5 $1 Nxc5 (24... cxd5 25. c6) (24...
exd5 25. Rxe7) 25. Ne5 Bf6 26. Qxc5 (26. dxc6 Qe7 27. Bg6 Bxe5 28. Rxe5 fxg6
29. Rxc5 $16) (26. Rb1 Qa7 (26... Qe7 27. d6)) 26... Kxh7 27. dxc6 Qb5 28. Qxb5
Bxb5 29. c7 Bxe5 30. Bxe5 f6 31. Bd6 Bd7 32. Rc1 Kg6 1/2-1/2

[Event "Tata Steel-A 75th"]
[Site "Wijk aan Zee"]
[Date "2013.01.17"]
[Round "5"]
[White "L'Ami, Erwin"]
[Black "Wang, Hao"]
[Result "0-1"]
[WhiteElo "2627"]
[BlackElo "2752"]
[Annotator "Marin,M"]
[PlyCount "70"]
[EventDate "2013.01.12"]
[EventType "tourn"]
[EventRounds "13"]
[EventCountry "NED"]
[EventCategory "20"]
[SourceTitle "CBM 153"]
[Source "ChessBase"]
[SourceDate "2013.03.14"]
[SourceVersion "1"]
[SourceVersionDate "2013.03.14"]
[SourceQuality "1"]

1. d4 Nf6 2. c4 e6 3. Nf3 Bb4+ 4. Bd2 c5 5. Bxb4 cxb4 6. g3 O-O 7. Bg2 d6 8.
O-O a5 $5 ({In my article for this same issue, I have focused on the main
continuations} 8... Nc6) ({and} 8... Re8 {The game move consolidates the
b4-outpost anticipating the thematic a2-a3. It also prepares the development
of the queen's knight on a square closer to c5 than after ...Nc6 (usually ...
Na6, although ...Nbd7 is an alternative to keep in mind). The drawback of this
setup is that Black does not put big pressure on d4. If he manages to provoke
d4-d5 or dxe5 by indirect means, then he will have spared two tempi after ...
Nc5, but how to achieve that?}) 9. a3 (9. Nbd2 Qc7 10. Rc1 (10. e4 e5 11. c5
dxc5 12. dxe5 Ng4 13. Rc1 Rd8 14. Qc2 b6 15. h3 Nxe5 16. Nxe5 Qxe5 17. Nc4 Qc7
{Lintchevski,D (2564)-Ovod,E (2408) Plovdiv 2012 (1/2, 48). Black does not
seem to be in big danger and his queenside majority (and extra pawn!) might
tell in the future.}) 10... b6 11. Ne1 {This is a good reply to ...b6. The
bishops exchange suits White well, since Black plays for blockade on dark
squares. After Ne1-d3 Black may have to release the tension with ...bxa3, when
after bxa3 the b-file opens to White's favour. This is an obvious drawback of
the early ...a7-a5, the weaknesses created cannot mend easily.} (11. e4 Bb7 12.
Re1 e5 13. Nh4 Nc6 14. Nf5 Rad8 15. Nf1 Bc8 16. N1e3 Bxf5 17. Nd5 Qd7 18. Nxf6+
gxf6 19. exf5 Nxd4 20. Be4 $13 {Rychagov,A (2534)-Predojevic,B (2644) Kavala
2009 (0-1, 56)}) 11... Bb7 12. a3 bxa3 (12... Na6 $5 {transposes below}) 13.
bxa3 Nbd7 14. Qb3 Rfc8 15. Bxb7 Qxb7 16. Ng2 Rc7 17. Ne3 Rac8 18. Rc2 g6 19.
Rfc1 Ne4 20. Nb1 $14 {Shimanov,A (2535)-Iordachescu,V (2629) Moscow 2010 (1-0,
106)}) (9. Qd3 Qe7 10. Nbd2 Na6 11. Rfe1 Rd8 12. Rad1 {1/2 (12) Rodriguez
Cespedes,A (2495)-Granda Zuniga,J (2510) Havana 1990}) 9... Na6 10. Nbd2 (10.
axb4 Nxb4 11. Nc3 {makes little sense, because it activates the enemy knight.
Apart from 11...Re8, which would transpose to a position from my article,
Black can play other moves as well, for instance:} b6 {Dzindzichashvili,R 
(2535)-Christiansen,L (2555) Long Beach 1993 CBM 039 [Bulletin] (1/2, 19)})
10... Qc7 {Black keeps developing flexibly, but the clash around the c5-square
will start sooner or later anyway.} 11. Rc1 {Quite natural, Black will have to
count with c4-c5 permanently.} (11. Qc2 {looks less challenging.} {It is worth
getting familiar with Wang Hao's treatment of this line:} Re8 (11... h6 12.
Rfc1 b6 13. Ne1 Bb7 14. Bxb7 Qxb7 15. Nd3 bxa3 16. bxa3 $14 {Gomez,J (2527)
-Zhou Weiqi (2573) Ho Chi Minh City 2011 (1/2, 32)}) (11... Bd7 12. Rac1 Rac8
13. Qb1 Qb8 14. Ng5 h6 15. Nge4 Ne8 16. Nf3 (16. f4 b5 $5) 16... e5 17. dxe5
dxe5 18. Rfd1 Bf5 19. axb4 Nxb4 20. Nf6+ Nxf6 21. Qxf5 Nc6 22. e3 {By this
moment, White's position looks preferable, but in the next phase things will
change to Black's favour.} Rcd8 23. Nd2 Qd6 24. Bf3 g6 25. Qb1 Qb4 26. Qc2 Kg7
27. Ra1 Rd7 28. Ra4 Qe7 29. Ne4 Nb4 30. Rxd7 Nxd7 31. Qc3 f5 32. Nd2 b6 $15 {
Cifuentes Parada,R (2490)-Granda Zuniga,J (2525) Rio Hondo 1987 (1/2, 56)}) 12.
Rfd1 Bd7 13. Rac1 Rac8 14. e3 e5 15. dxe5 dxe5 16. Ng5 Nc5 17. axb4 axb4 18.
Bd5 Rf8 19. Qb1 Bg4 20. f3 Bh5 $132 {Zhou Weiqi (2585)-Wang Hao (2722) Xinghua
2010 (0-1, 62)}) 11... Rd8 $146 {An inteersting novelty, inhibiting a later
c4-c5 and not defining the bishop's intentions yet. In some cases, ...Bg4 can
be played without a loss of time (as it would happen in case of an early ...
Bd7.} (11... b6 12. Ne1 (12. e3 Bb7 13. Ne1 Bxg2 {1/2 (13) Jirovsky,P (2395)
-Voloshin,L (2420) Czechia 1999}) 12... Bb7 13. Bxb7 Qxb7 14. axb4 (14. Nd3 $1
{would probably convince Black to release the tension with ...bxa3 soon.})
14... Nxb4 15. Nc2 {1/2 (15) Nanu,C (2506)-Berescu,A (2476) Baile Olanesti 2010
}) (11... Bd7 12. Ne1 (12. e4 $5 e5 $6 13. c5 dxc5 14. Nxe5 $36) 12... e5 13.
Nd3 Rfe8 {1/2 (22) Dydyshko,V (2545)-Bogdanovski,V (2460) Yerevan 1996} 14. c5
exd4 15. cxd6 Qxd6 16. Bxb7 Ra7 17. Nc4 Qe7 18. Bf3 $14) 12. Ne1 {This is less
effective without ...b7-b6. The c8-bishop will emerge on f5, putting pressure
on the white d3-knight.} (12. e4 e5 13. Re1 ({The rook would be useful on d8
after} 13. c5 dxc5 {, when White would have nothing better than} 14. d5 {
with just some compensation.}) 13... Bg4 $132) (12. Qc2 {[%cal Gf3g5]} h6 13.
Rfd1 (13. e4 e5) 13... Bd7 {As we will see, the bishop's development is
well-timed after the white rook has occupied the active but somewhat exposed
d1-square.} 14. e4 e5 15. c5 $6 {Principled but dubious.} (15. Nf1 {is better,
but then Black has no problems after} Bc6) 15... exd4 16. cxd6 Qxc2 17. Rxc2
bxa3 18. bxa3 Ba4) (12. Ng5 h6 (12... e5 13. e3 h6 14. Nge4) 13. Nge4 Ne8 14.
f4) 12... e5 13. Nd3 Bf5 $1 {Creating the threat of ...e5-e4 as an answer to
White's increased pressure on b4 is a common theme in my article. The same
method works out well here, too. The merits of ...Rd8 are also obvious: White
can hardly consider dxe5.} 14. e4 (14. axb4 Bxd3 15. b5 Bg6 (15... Nb4 16. exd3
Nxd3 17. Rc3 Nb4 18. dxe5 dxe5 19. Qe2) 16. bxa6 Rxa6 17. e3 a4 $5 {with great
play for Black.}) 14... Bg4 $1 {More or less forcing the weakening of the
g1-a7 diagonal.} 15. f3 (15. Qc2 exd4) 15... Bd7 16. axb4 $6 {Before releasing
the tension on b4, White had probably designed the pawn break on move 19
already, but the course of the game does not justify it.} (16. c5 $2 Bb5 $17) (
16. Qb3 $2 exd4 17. axb4 axb4 $17) ({Th main alternative is} 16. Qe2 {
developing normally and preparing to defend the weak diagonal with Qf2. It is
early to evaluate this position, but here is just a possible continuation:}
exd4 17. axb4 Nxb4 18. Nxb4 axb4 19. Nb3 {when White seems to stay in control.}
) 16... Nxb4 $1 {There was no need to keep the passive a6-knight.} (16... axb4
$6 17. Qe2 exd4 (17... Qb6 18. Qf2) 18. Nb3 $14 {פa6}) 17. Nxb4 axb4 18. Qb3 (
{Now is not a good moment to develop the queen to e2:} 18. Qe2 Ra2 $1 19. Rb1 (
19. Nb3 Ba4 $17) 19... b5 $36 20. cxb5 $140 Qb6) 18... Qb6 19. c5 {Forced,
thematic, but probably playing into Black's hands.} dxc5 20. Nc4 Qa7 21. dxe5
Ne8 $15 {Somehow, Black's queenside majority is more dangerous than White's
central pawns.} 22. Qe3 (22. Qc2 {keeps the e3-square free for the knight, but
does not absolve White from problems either.} b5 23. Ne3 c4 24. Qf2 Be6 25. f4
Rd3 26. Rfe1 c3 {[%cal Gd3d2]}) 22... b5 23. Nd2 (23. Nd6 c4 24. Qxa7 Rxa7 25.
f4 Ra2 26. Rf2 Bc6 27. Rd1 f6 $15) 23... c4 24. Qxa7 Rxa7 25. Rfd1 $2 (25. Rf2
Nc7 26. Nf1 Ne6 27. Ne3 Bc6 $17) 25... Be6 26. Nf1 Rxd1 27. Rxd1 c3 28. bxc3
bxc3 29. Ne3 b4 30. Bf1 b3 31. Rd8 g6 $5 {Nice, but not really necessary.} (
31... Bd7 $19) 32. Rxe8+ Kg7 33. Bd3 Rd7 34. Bb1 Rd1+ $1 {The point.} 35. Nxd1
c2 0-1

[Event "World Women-ch k.o."]
[Site "Antakya"]
[Date "2010.12.05"]
[Round "1.2"]
[White "Shen, Yang"]
[Black "Ovod, Evgenija"]
[Result "1/2-1/2"]
[WhiteElo "2461"]
[BlackElo "2387"]
[Annotator "Marin,M"]
[PlyCount "67"]
[EventDate "2010.12.04"]
[EventType "k.o."]
[EventRounds "6"]
[EventCountry "TUR"]
[SourceTitle "CBM 140"]
[Source "ChessBase"]
[SourceDate "2011.01.18"]
[SourceVersion "1"]
[SourceVersionDate "2011.01.18"]
[SourceQuality "1"]

1. d4 Nf6 2. c4 e6 3. Nf3 Bb4+ 4. Nbd2 O-O 5. a3 Be7 6. e4 (6. e3 d5 {leads to
peaceful play.}) 6... d5 7. Qc2 ({The main line is} 7. e5 Nfd7) 7... dxe4 8.
Nxe4 Nxe4 9. Qxe4 {White has more space, but the exposed position of her queen
is likely to cause some loss of time in the near future, allowing Black to
complete her development rapidly.} c5 {Only played once before.} (9... Nd7 {and
}) (9... Nc6 {are more popular.}) 10. Be3 $146 (10. dxc5 Nc6 $5 (10... Bxc5 11.
b4 Be7 12. Bb2 f5 13. Qe3 Bf6 14. Rd1 Qe7 15. Be5 Bxe5 16. Nxe5 $14 {Kiss,P 
(2390)-Horvath,I (2245)/Hungary 1993/TD (1-0, 34)}) 11. Be2 (11. b4 f5 12. Qe3
Bf6 13. Ra2 e5 $44) 11... Bxc5 12. b4 f5 13. Qc2 (13. Qb1 Bd4 14. Nxd4 Nxd4 15.
Ra2 e5 $32) 13... Nd4 $132) 10... f5 11. Qc2 cxd4 12. O-O-O {White aims to get
active play along the d-file as soon as possible, but underestimates the
problems caused by the relative insecurity of her king.} Nc6 13. Nxd4 Nxd4 14.
Bxd4 Qc7 15. Bc3 e5 $132 {Black has very comfortable play. White's attempt to
complicate matters will fail completely.} 16. g4 $6 fxg4 17. h3 Bf5 18. Qe2
Bg5+ 19. Bd2 Bxd2+ 20. Rxd2 gxh3 $6 $17 (20... Qc6 $1 21. Rh2 Qh6 $19 {[%cal
Ga8d8]}) 21. Bxh3 Rac8 22. Bxf5 Rxf5 23. Rc2 Rf4 24. c5 h6 25. Re1 b6 26. b4
Qf7 27. c6 Rf6 28. b5 Qb3 29. Qxe5 Qxa3+ 30. Kb1 Qb3+ 31. Rb2 Qd3+ 32. Ka1 a6
33. c7 axb5 34. Ra2 1/2-1/2